Welcome to CU Library Online Public Access Catalogue (OPAC)

Physics/ (Record no. 1548)

MARC details
000 -LEADER
fixed length control field 00600nam a22001697a 4500
005 - DATE AND TIME OF LATEST TRANSACTION
control field 20241125200118.0
008 - FIXED-LENGTH DATA ELEMENTS--GENERAL INFORMATION
fixed length control field 241125b |||||||| |||| 00| 0 eng d
020 ## - INTERNATIONAL STANDARD BOOK NUMBER
International Standard Book Number 9780030226571
050 ## - LIBRARY OF CONGRESS CALL NUMBER
Classification number QC23
Item number .S46
100 ## - MAIN ENTRY--PERSONAL NAME
Personal name Serway, Raymond A.
245 ## - TITLE STATEMENT
Title Physics/
Remainder of title for scientists and engineers with modern physics
Statement of responsibility, etc. Raymond A. Serway & Robert J. Beichner, contributed by John W. Jewett Jr.
250 ## - EDITION STATEMENT
Edition statement 5th ed.
260 ## - PUBLICATION, DISTRIBUTION, ETC.
Place of publication, distribution, etc. Fort Worth
Name of publisher, distributor, etc. Saunders College Publishing
Date of publication, distribution, etc. 2000
300 ## - PHYSICAL DESCRIPTION
Extent xxxi.1551. various paging
Other physical details ill. some color
Dimensions 26cm
700 ## - ADDED ENTRY--PERSONAL NAME
Personal name Beichner, Robert J.
942 ## - ADDED ENTRY ELEMENTS (KOHA)
Source of classification or shelving scheme Library of Congress Classification
Koha item type Books
Edition 5th ed.
Suppress in OPAC No
999 ## -
-- 1548
-- 1548
Holdings
Withdrawn status Lost status Source of classification or shelving scheme Damaged status Not for loan Collection Home library Current library Shelving location Date acquired Total checkouts Full call number Barcode Date last seen Copy number Price effective from Koha item type
    Library of Congress Classification     Non-fiction Science Library (Miotso) Science Library (Miotso) General stacks 11/25/2024   QC23 .S46 SER SLM00000845 11/25/2024 1 11/25/2024 Books
© 2023-2024 Copyright: Central University Libraries. All Rights Reserved | Created by: Mahone Tech Office